| 000 | 00965cam a22002897a 4500 | ||
|---|---|---|---|
| 003 | CHAP | ||
| 005 | 20220329143317.0 | ||
| 008 | 080508d2004 co a r 00110 esp d | ||
| 010 | _a94779 | ||
| 011 | _a95751 | ||
| 020 | _a9588060133 | ||
| 035 | _a106381 | ||
| 040 | _cCHAP | ||
| 082 | 0 | 4 |
_a628.3 _bR6 2004 |
| 100 | 0 | 0 |
_aRomero Rojas, Jairo Alberto. _999660 |
| 245 | 1 | 0 |
_aTratamiento de aguas residuales : _bteoria y principios de diseño _c/por Jairo Alberto Romero Rojas |
| 260 |
_aBogotá : _bEscuela Colombiana de Ingenieria, _c2004 |
||
| 300 |
_a1248 p. : _bilus. |
||
| 590 |
_aBATCH-UPD _b10 _c20130110 _lUCH01 _h0722 |
||
| 590 |
_aBATCH-UPD _b10 _c20130410 _lUCH01 _h0407 |
||
| 590 |
_aCONVERSION _b10 _c20130109 _lUCH01 _h1352 |
||
| 650 | 1 | 4 |
_aAgua _xAprovechamiento. _92282 |
| 650 | 1 | 4 |
_aAguas residuales _xPurificacion. _92588 |
| 901 | _aBK | ||
| 942 | _cLIBRO | ||
| 949 |
_a628.3 R6 2004 _bBC _cLIBRO _d33724002060694 _eLIBRO _gIc/e _h109475 _i106381 _si _t$770.00 |
||
| 999 |
_c94779 _d94779 |
||